修煉 . 動物精的祕密 . I
| 資料類型: | 圖書 | 書目號: | 49848 |
Leader xxxxxxxxxx 001 __ PCLIS00049848 005 __ 20221118091608.0 010 0_ |a978-986-5988-11-1|b平裝|dNT$360 005 __ 20210617111922.0 100 __ |a20160421d2012 de y0chiy09 e 101 0_ |achi 102 __ |atw 105 __ |ay z 000ay 200 1_ |a修煉|hI|i動物精的祕密|f陳郁如作 205 __ |a初版 210 __ |a臺北市|c小兵|d2012[民101] 215 0_ |a366面||d22公分 225 2_ |a修煉|vI 461 _0 |12001 |a修煉 517 1_ |a動物精的祕密 606 __ |2cst|a長篇小說 681 __ |a857.7|b8756 700 _1 |a陳|b郁如|4作 801 _0 |atw|b內湖高中|c20160421|gCCR |